000 00640nam a2200181Ia 4500
003 GCL
008 140319s9999 xx 000 0 ara d
040 _aGCL /
_cGCL
082 0 4 _a810.908
_bص ن
100 1 _aصفوت عبدالله الخطيب
245 1 0 _aنظرية حازم القرطاجنى النقدية والجمالية فى ضوء التأثيرات اليونانية /
_cصفوت عبدالله الخطيب
260 _a[S.N] :
_bمكتبة نهضة الشرق ،
_c1986
490 _a
650 0 4 _aالشعر العربى
650 0 4 _aالادب العربى
650 0 4 _aتاريخ ونقد
942 _2ddc
_cBK
999 _c53869
_d53869